Sultan Muhammad Fateh (Record no. 3969)
[ view plain ]
| 000 -LEADER | |
|---|---|
| fixed length control field | 00700nam a22002537a 4500 |
| 003 - CONTROL NUMBER IDENTIFIER | |
| control field | Nust |
| 005 - DATE AND TIME OF LATEST TRANSACTION | |
| control field | 20220511122445.0 |
| 008 - FIXED-LENGTH DATA ELEMENTS--GENERAL INFORMATION | |
| fixed length control field | 161201b xxu||||| |||| 00| 0 eng d |
| 038 ## - RECORD CONTENT LICENSOR | |
| Staff Name | waseem |
| 040 ## - CATALOGING SOURCE | |
| Transcribing agency | Nust |
| 041 ## - LANGUAGE CODE | |
| Language code of original | urdu |
| 082 ## - DEWEY DECIMAL CLASSIFICATION NUMBER | |
| Classification number | 891.4393 |
| Author Mark | AZA |
| 100 ## - MAIN ENTRY--PERSONAL NAME | |
| Personal name | Azad, Idrees |
| 9 (RLIN) | 3127 |
| 245 ## - TITLE STATEMENT | |
| Title | Sultan Muhammad Fateh |
| 260 ## - PUBLICATION, DISTRIBUTION, ETC. | |
| Place of publication, distribution, etc. | Lahore: |
| Name of publisher, distributor, etc. | Al-Quresh, |
| Date of publication, distribution, etc. | 2013. |
| 300 ## - PHYSICAL DESCRIPTION | |
| Extent | 495p. |
| 500 ## - GENERAL NOTE | |
| General note | Novel |
| 563 ## - BINDING INFORMATION | |
| Binding note | HBK. |
| 650 ## - SUBJECT ADDED ENTRY--TOPICAL TERM | |
| Topical term or geographic name entry element | Urdu-Literature |
| 9 (RLIN) | 347 |
| 880 ## - ALTERNATE GRAPHIC REPRESENTATION | |
| Linkage | 100-01\(3\r |
| Title | ادریس آزاد |
| 880 ## - ALTERNATE GRAPHIC REPRESENTATION | |
| Linkage | 245-02\(3\r |
| Title | سلطان محمد فاتح |
| c | ادریس آزاد |
| 880 ## - ALTERNATE GRAPHIC REPRESENTATION | |
| Linkage | 260-03\(3\r |
| Title | لاہور: |
| b | القریش پبلی کیشنز، |
| c | 2013 |
| 942 ## - ADDED ENTRY ELEMENTS (KOHA) | |
| Source of classification or shelving scheme | |
| Koha item type | Book |
| Withdrawn status | Lost status | Source of classification or shelving scheme | Damaged status | Not for loan | Permanent Location | Current Location | Shelving location | Date acquired | Source of acquisition | Total Checkouts | Total Renewals | Full call number | Barcode | Date last seen | Date last checked out | Copy number | Price effective from | Koha item type | Checked out | Collection code |
|---|---|---|---|---|---|---|---|---|---|---|---|---|---|---|---|---|---|---|---|---|
| Central Library (CL) | Central Library (CL) | Fiction | 12/01/2016 | Purchased | 9 | 4 | 891.4393 AZA | CL3091 | 11/06/2024 | 11/01/2023 | 1 | 12/01/2016 | Book | |||||||
| Central Library (CL) | Central Library (CL) | Fiction | 12/11/2018 | Donation | 6 | 8 | 891.4393 AZA | CL-D-159 | 01/09/2025 | 01/09/2025 | 12/11/2018 | Book | 02/08/2025 | |||||||
| Central Library (CL) | Central Library (CL) | Fiction | 12/11/2018 | Donation | 8 | 12 | 891.4391 AZA | CL-D-165 | 02/02/2026 | 03/26/2025 | 12/11/2018 | Book |
